On the ideal structure of operator algebras

Αποθηκεύτηκε σε:
Λεπτομέρειες βιβλιογραφικής εγγραφής
Κύριος συγγραφέας: Prosser, Reese T.
Μορφή: Βιβλίο
Γλώσσα:English
Δημοσίευση: Providence, R.I. : American Mathematical Society, 1963 (1974 printing)
Σειρά:Memoirs of the American Mathematical Society ; ; 45
Θέματα:
Ετικέτες: Προσθήκη ετικέτας
Δεν υπάρχουν, Καταχωρήστε ετικέτα πρώτοι!

MARC

LEADER 00000nam a2200000 i 4500
001 1/27421
008 960425s19631974 eng d
035 |a 1993  |l 10037822 
040 |a GR-MY-UA  |b gre  |e aacr 
041 0 |a eng 
082 0 |a 512.55 
100 1 |a Prosser, Reese T. 
245 1 0 |a On the ideal structure of operator algebras /  |c Reese T. Prosser 
260 |a Providence, R.I. :   |b American Mathematical Society,   |c 1963 (1974 printing) 
300 |a 28 σ.;  |c 26 εκ. 
490 1 |a Memoirs of the American Mathematical society  |v ; 45 
504 |a Περιέχει βιβλιογραφικές αναφορές 
650 0 0 |a Operator algebras. 
650 0 0 |a Algebra. 
830 0 |a Memoirs of the American Mathematical Society ;  |v ; 45 
852 |a INST  |b SAMOS  |e 19960425  |h 512.55 PRO  |p 005300002699  |q 005300002699  |t BK  |y 0 
909 |a Σ  |b 030519